000
00336nam a2200133Ia 4500
008
150201s2014 xx 000 0 und d
082
_a
617.0707
_b
M2014J
100
_a
JOSE ,MAJI
245
_a
MANUAL OF ORAL HISTOLOGY & ORAL PATHOLOGY
250
_a
1ST
260
_b
C.B.S.PUBLISHERS
650
_a
ORAL PATHOLOGY
942
_2
ddc
_c
BK
_0
76
999
_c
4840
_d
4840